| 000 | 01435nam a2200241Ia 4500 | ||
|---|---|---|---|
| 999 |
_c38325 _d38325 |
||
| 001 | 4335 | ||
| 003 | GE_BSU | ||
| 005 | 20191009123353.0 | ||
| 008 | 181216s1983||||ge |||||||||||||| ||geo|| | ||
| 040 | _cGE_BSU | ||
| 041 | _ageo | ||
| 080 | _a821.353.1–91–1 ქ–27 | ||
| 245 |
_aქართული ხალხური პოეზია : _bტ. 10. შრომის ლექსები / _cტომი შეადგინეს, ვარიანტები და შენიშვნები დაურთეს: თამარ ოქროშიძემ და ფიქრია ზანდუკელმა. მთ. რედ. : მ. ჩიქოვანი. |
||
| 264 |
_aთბილისი : _bმეცნიერება, _c1983. |
||
| 300 |
_a660 გვ. : _b22 სმ. |
||
| 501 | _aლექსიკონი: გვ. 601-616. - საძიებლები: გვ. 617-661. | ||
| 653 | _aქართული ხალხური პოეზია | ||
| 700 |
_aჩიქოვანი, მ. _eრედაქტორი _94648 |
||
| 700 |
_aოქროშიძე, თ. _eშემდგენელი _94649 |
||
| 700 |
_aზანდუკელი, ფ. _eშემდგენელი _94650 |
||
| 710 |
_aსაქ. სსრ მეცნ. აკადემია. ქართ. ლიტ-რის ისტორიის ინ-ტი. _94645 |
||
| 942 |
_cBK _2udc |
||